| 000 | 00000nas##2200000za#4500 |
| 001 | 9.503570 |
| 003 | CaOODSP |
| 005 | 20210125140345 |
| 007 | cr ||||||||||| |
| 008 | 150406c2002||||xxc|| p o||||f| |0fre|d |
| 022 | |a1917-022X |
| 040 | |aCaOODSP|bfre |
| 043 | |an-cn--- |
| 086 | 1 |aCC171-17F-PDF |
| 110 | 2 |aCommission canadienne de sûreté nucléaire. |
| 245 | 10|aCommission canadienne de sûreté nucléaire - rapport ... sur les délibérations publiques et les décisions |h[ressource électronique] |
| 260 | |aOttawa - Ontario : |bCommission canadienne de sûreté nucléaire |
| 310 | |aAnnuel |
| 362 | 1 |a2001/2002-2002/2003 |
| 775 | 08|tCanadian Nuclear Safety Commission - report on public proceedings and decisions |w(CaOODSP)9.507179 |